[Event "POL-ch Universities"]
[Site "Bydgoszcz"]
[Date "2023.03.10"]
[Round "3"]
[White "Pniaczek, Marek"]
[Black "Laszczak, Przemyslaw"]
[Result "1-0"]
[WhiteElo "2232"]
[BlackElo "2005"]
[PlyCount "48"]
[EventDate "2023.03.10"]
[EventType "swiss"]
[EventRounds "9"]
[EventCountry "POL"]
[SourceTitle "CBM 213 Extra"]
[Source "ChessBase"]
[SourceDate "2023.05.31"]
[SourceVersion "1"]
[SourceVersionDate "2023.05.31"]
[SourceQuality "1"]

1. e4 c6 2. Nc3 d5 3. Nf3 dxe4 4. Nxe4 Bg4 5. h3 Bh5 6. Ng3 Bg6 7. h4 h6 8. Ne5 Bh7 9. Qh5 g6 10. Qf3 Nf6 11. Qb3 Qd5 12. Qxb7 Qxe5+ 13. Be2 Qe6 14. Qxa8 Nfd7 15. Qb7 Kd8 16. Qxa7 Bg7 17. d3 Qd6 18. Bd2 Bxb2 19. Rb1 Bd4 20. Qb7 f5 21. Ba5+ Ke8 22. Bc7 Qc5 23. Bxb8 Bxf2+ 24. Kd1 Be3 1-0

[Event "POL-ch Academic"]
[Site "Chorzow"]
[Date "2022.04.01"]
[Round "2"]
[White "Walter, Szymon"]
[Black "Laszczak, Przemyslaw"]
[Result "1-0"]
[WhiteElo "2171"]
[BlackElo "1778"]
[PlyCount "61"]
[EventDate "2022.04.01"]
[EventType "swiss (rapid)"]
[EventRounds "9"]
[EventCountry "POL"]
[SourceTitle "EXT 2024"]
[Source "ChessBase"]
[SourceDate "2023.10.10"]
[SourceVersion "1"]
[SourceVersionDate "2023.10.10"]
[SourceQuality "1"]

1. e4 c6 2. d4 d5 3. f3 e6 4. Nc3 Bb4 5. Bf4 Nf6 6. Qd3 b6 7. Nge2 Ba6 8. Qe3 0-0 9. 0-0-0 Qe7 10. g4 dxe4 11. fxe4 c5 12. e5 Nd5 13. Nxd5 exd5 14. Bg2 Bb7 15. Kb1 Nc6 16. Bxd5 Rad8 17. Be4 cxd4 18. Qh3 g6 19. Rhf1 Rfe8 20. Qg3 Nxe5 21. Bxb7 Qxb7 22. Bxe5 Qe4 23. Bf6 Rc8 24. Nxd4 Bc5 25. Rfe1 Qd5 26. Nf5 Rxe1 27. Qxe1 Qf3 28. Nh6+ Kf8 29. Qf1 Qe4 30. Bc3 Rc7 31. Qf6 1-0

[Event "Mazowiec-chT 1718"]
[Site "Warsaw"]
[Date "2018.02.04"]
[Round "5.15"]
[White "Laszczak, Przemyslaw"]
[Black "Borowy, Cezary"]
[Result "0-1"]
[WhiteElo "2100"]
[BlackElo "2027"]
[PlyCount "108"]
[EventDate "2017.12.03"]
[EventType "team-tourn"]
[EventRounds "10"]
[EventCountry "POL"]
[SourceTitle "EXT 2020"]
[Source "ChessBase"]
[SourceDate "2019.10.17"]
[SourceVersion "1"]
[SourceVersionDate "2019.10.17"]
[SourceQuality "1"]

1. d4 e6 2. Nf3 f5 3. e3 Nf6 4. Bd3 b6 5. 0-0 Bb7 6. b3 Be7 7. Bb2 0-0 8. c4 Ne4 9. Nc3 d6 10. Qc2 Nxc3 11. Bxc3 Bxf3 12. gxf3 Qe8 13. Kh1 Qh5 14. Qe2 Nd7 15. Rg1 Bf6 16. f4 Qxe2 17. Bxe2 Rad8 18. Bf3 e5 19. Bd5+ Kh8 20. fxe5 dxe5 21. Bb4 c5 22. dxc5 Nxc5 23. Rad1 e4 24. Bxc5 bxc5 25. Be6 g6 26. Rd5 Rxd5 27. cxd5 Be7 28. Rc1 Rb8 29. Kg2 Kg7 30. Kf1 Kf6 31. Ke2 g5 32. h3 Ke5 33. Rc4 Rb4 34. Rc3 Rb8 35. Ke1 h5 36. Ke2 a5 37. Rc1 a4 38. bxa4 Rb4 39. Rc2 Rxa4 40. Kf1 f4 41. exf4+ gxf4 42. Kg2 Bd6 43. h4 Ra7 44. Rb2 c4 45. Kf1 c3 46. Rc2 Kd4 47. Bf5 Rb7 48. f3 e3 49. Ke2 Rb5 50. Be4 Ba3 51. Kd1 Rb1+ 52. Ke2 Rh1 53. d6 Bxd6 54. a4 Bb4 0-1

[Event "Marianske Lazne op 17th"]
[Site "Marianske Lazne"]
[Date "2018.01.23"]
[Round "5"]
[White "Laszczak, Przemyslaw"]
[Black "Grela, Kacper"]
[Result "0-1"]
[WhiteElo "2100"]
[BlackElo "2294"]
[PlyCount "88"]
[EventDate "2018.01.20"]
[EventType "swiss"]
[EventRounds "9"]
[EventCountry "CZE"]
[SourceTitle "CBM 182 Extra"]
[Source "ChessBase"]
[SourceDate "2018.02.23"]
[SourceVersion "1"]
[SourceVersionDate "2018.02.23"]
[SourceQuality "1"]

1. d4 Nf6 2. c4 e6 3. Nf3 b6 4. Bg5 Bb7 5. e3 Be7 6. Bd3 Ne4 7. Bxe7 Qxe7 8. 0-0 0-0 9. Qc2 f5 10. Nc3 Nxc3 11. Qxc3 d6 12. Qc2 Bxf3 13. gxf3 Nd7 14. Kh1 g6 15. Rg1 Kh8 16. f4 c5 17. Qc3 Qf6 18. Be2 cxd4 19. Qxd4 Qxd4 20. exd4 Rac8 21. b3 Kg7 22. Bf3 Kf6 23. Rge1 Rfe8 24. Re3 h6 25. h4 g5 26. hxg5+ hxg5 27. fxg5+ Kxg5 28. Rg1+ Kf6 29. Bh5 Rg8 30. Rxg8 Rxg8 31. Bf3 e5 32. dxe5+ dxe5 33. Bd5 Rg7 34. b4 e4 35. f3 Ke5 36. fxe4 f4 37. Rh3 Nf6 38. c5 bxc5 39. bxc5 Nxe4 40. Bxe4 Kxe4 41. c6 f3 42. Rh4+ Ke3 43. Rc4 Rh7+ 44. Kg1 f2+ 0-1

[Event "Marianske Lazne op 17th"]
[Site "Marianske Lazne"]
[Date "2018.01.23"]
[Round "4"]
[White "Mitali, Madhukar Patil"]
[Black "Laszczak, Przemyslaw"]
[Result "0-1"]
[WhiteElo "2048"]
[BlackElo "2100"]
[PlyCount "62"]
[EventDate "2018.01.20"]
[EventType "swiss"]
[EventRounds "9"]
[EventCountry "CZE"]
[SourceTitle "CBM 182 Extra"]
[Source "ChessBase"]
[SourceDate "2018.02.23"]
[SourceVersion "1"]
[SourceVersionDate "2018.02.23"]
[SourceQuality "1"]

1. d4 d5 2. Nf3 c5 3. e3 Nc6 4. b3 Bg4 5. Nbd2 e6 6. Bb2 Nf6 7. Be2 cxd4 8. exd4 Qc7 9. 0-0 Bd6 10. Rc1 0-0 11. Ne5 Bxe2 12. Qxe2 Nb4 13. a3 Na2 14. Ra1 Nc3 15. Qd3 Rac8 16. f4 Nfe4 17. Rac1 f6 18. Ng4 Bxf4 19. Bxc3 Nxc3 20. g3 Bxd2 21. Qxd2 Ne4 22. Qe2 Qc3 23. Rfd1 Qb2 24. Qg2 Rc3 25. a4 Rfc8 26. Re1 Rxc2 27. Rxc2 Rxc2 28. Qh3 Qxd4+ 29. Ne3 Ng5 30. Qh5 g6 31. Qd1 Nh3+ 0-1

[Event "EU-ch rapid"]
[Site "Katowice"]
[Date "2017.12.16"]
[Round "1"]
[White "Ponkratov, Pavel"]
[Black "Laszczak, Przemyslaw"]
[Result "1-0"]
[WhiteElo "2613"]
[BlackElo "2100"]
[PlyCount "121"]
[EventDate "2017.12.16"]
[EventType "swiss (rapid)"]
[EventRounds "11"]
[EventCountry "POL"]
[SourceTitle "CBM 182 Extra"]
[Source "ChessBase"]
[SourceDate "2018.02.23"]
[SourceVersion "1"]
[SourceVersionDate "2018.02.23"]
[SourceQuality "1"]

1. c4 c6 2. Nc3 Nf6 3. e4 d5 4. e5 Nfd7 5. d4 e6 6. Nf3 Be7 7. Be3 0-0 8. Bd3 dxc4 9. Bxc4 Nb6 10. Bd3 Nd5 11. Bc2 f6 12. exf6 Bxf6 13. h4 e5 14. Nxd5 cxd5 15. Nxe5 Bxe5 16. dxe5 Bf5 17. Bb3 Be6 18. Qd2 Nc6 19. Rd1 Nxe5 20. Bxd5 Bxd5 21. Qxd5+ Qxd5 22. Rxd5 Nc4 23. Rh3 Rae8 24. b3 Nxe3 25. Rxe3 Rxe3+ 26. fxe3 Re8 27. Ke2 Re7 28. Kd3 Kf7 29. Kd4 Kf6 30. g4 b6 31. e4 g6 32. e5+ Kf7 33. Rd6 Rc7 34. Rf6+ Ke7 35. Rf2 Rd7+ 36. Ke4 Ke6 37. h5 gxh5 38. gxh5 Rg7 39. Rf6+ Ke7 40. Kd5 Rg2 41. a4 Rg3 42. Rh6 Rg7 43. a5 bxa5 44. Ra6 Kf8 45. Rxa5 Rb7 46. h6 Kf7 47. Ra3 Kg6 48. Ra6+ Kg5 49. e6 Kf6 50. Ra1 Rb5+ 51. Kc4 Re5 52. Rxa7 Kg6 53. e7 Kxh6 54. b4 Kg6 55. b5 Kf7 56. b6 Re4+ 57. Kc5 Re5+ 58. Kd4 Rb5 59. b7 h5 60. e8Q+ Kxe8 61. Ra8+ 1-0

[Event "POL-chT U20 2nd League"]
[Site "Szczyrk"]
[Date "2017.07.30"]
[Round "11.31"]
[White "Laszczak, Przemyslaw"]
[Black "Klepek, Witold"]
[Result "1/2-1/2"]
[WhiteElo "1864"]
[BlackElo "2104"]
[PlyCount "175"]
[EventDate "2017.07.22"]
[EventType "team-swiss"]
[EventRounds "11"]
[EventCountry "POL"]
[SourceTitle "EXT 2019"]
[Source "ChessBase"]
[SourceDate "2018.10.10"]
[SourceVersion "1"]
[SourceVersionDate "2018.10.10"]
[SourceQuality "1"]

1. d4 Nf6 2. c4 c5 3. d5 b5 4. cxb5 a6 5. bxa6 g6 6. Nc3 Bxa6 7. Nf3 d6 8. Nd2 Nbd7 9. e4 Bxf1 10. Nxf1 Qc7 11. Ne3 c4 12. Qd4 Rc8 13. 0-0 Bg7 14. f3 0-0 15. Nb5 Qb7 16. a4 Nc5 17. Qxc4 Ncxe4 18. Qa2 Nc5 19. b4 Nxa4 20. Qxa4 Ra8 21. Na7 Nd7 22. Qa6 Qxa6 23. Rxa6 Bd4 24. Nc6 Bxe3+ 25. Bxe3 Rxa6 26. b5 Ra4 27. b6 e6 28. b7 Ra3 29. Bh6 Rb3 30. dxe6 fxe6 31. Bxf8 Kxf8 32. Nd4 Rxb7 33. Nxe6+ Ke7 34. Re1 Kf6 35. Nd8 Rb8 36. Re6+ Kf5 37. g4+ Kf4 38. Nc6 Rb6 39. Nd4 Ne5 40. Kf2 Rb2+ 41. Ne2+ Kg5 42. f4+ Kxg4 43. fxe5 dxe5 44. Rxe5 g5 45. Re7 h5 46. Re3 Kh4 47. Kg2 g4 48. Re5 Ra2 49. Kf2 Rb2 50. Ra5 Rb3 51. Re5 Rb2 52. Ra5 Rb3 53. Rd5 Rb2 54. Rd3 Ra2 55. Rc3 Rb2 56. Ra3 Rb4 57. Rc3 Rb2 58. Rc5 Rb3 59. Re5 Ra3 60. Kg2 Ra2 61. Re3 Rb2 62. Kh1 Rb1+ 63. Ng1 Rb2 64. Re2 Rb5 65. Kg2 Kg5 66. Rc2 Ra5 67. Ne2 Kh4 68. Nd4 Rd5 69. Rd2 Ra5 70. Ne6 Re5 71. Nf4 Kg5 72. Ne2 Ra5 73. Rc2 Kh4 74. Ng3 Rb5 75. Rf2 Ra5 76. Nf5+ Kg5 77. Ne3 Re5 78. Nc2 Rd5 79. Re2 Kh4 80. Ne1 Kg5 81. Kg3 Ra5 82. Re3 h4+ 83. Kg2 Ra2+ 84. Kg1 Kf4 85. Rb3 Ra1 86. Kf1 g3 87. Rb4+ Kg5 88. hxg3 1/2-1/2

[Event "POL-chT U20 2nd League"]
[Site "Szczyrk"]
[Date "2017.07.29"]
[Round "10.37"]
[White "Pasieka, Marcin"]
[Black "Laszczak, Przemyslaw"]
[Result "0-1"]
[WhiteElo "1806"]
[BlackElo "1864"]
[PlyCount "58"]
[EventDate "2017.07.22"]
[EventType "team-swiss"]
[EventRounds "11"]
[EventCountry "POL"]
[SourceTitle "EXT 2019"]
[Source "ChessBase"]
[SourceDate "2018.10.10"]
[SourceVersion "1"]
[SourceVersionDate "2018.10.10"]
[SourceQuality "1"]

1. e4 c6 2. d4 d5 3. Nc3 dxe4 4. Nxe4 Nd7 5. Bc4 Ngf6 6. Nxf6+ Nxf6 7. Ne2 Bg4 8. f3 Bh5 9. 0-0 e6 10. Bb3 Bd6 11. c4 0-0 12. Nf4 Qc7 13. g3 Rad8 14. Nxh5 Nxh5 15. f4 Nf6 16. Qf3 c5 17. Be3 cxd4 18. Bxd4 Bc5 19. Bxc5 Qxc5+ 20. Qf2 Qh5 21. Bd1 Qa5 22. a3 Rd2 23. b4 Qd8 24. Qe3 Rd3 25. Qxa7 b6 26. Kh1 Qd4 27. Be2 Qe4+ 28. Kg1 Qxe2 29. Qxb6 Ng4 0-1

[Event "POL-chT U20 2nd League"]
[Site "Szczyrk"]
[Date "2017.07.27"]
[Round "8.43"]
[White "Laszczak, Przemyslaw"]
[Black "Rzeszowski, Dominik"]
[Result "1-0"]
[WhiteElo "1864"]
[BlackElo "1932"]
[PlyCount "43"]
[EventDate "2017.07.22"]
[EventType "team-swiss"]
[EventRounds "11"]
[EventCountry "POL"]
[SourceTitle "EXT 2019"]
[Source "ChessBase"]
[SourceDate "2018.10.10"]
[SourceVersion "1"]
[SourceVersionDate "2018.10.10"]
[SourceQuality "1"]

1. d4 f5 2. Bg5 Nf6 3. Bxf6 exf6 4. e3 d5 5. Bd3 Be6 6. Qf3 Qd7 7. Ne2 Bd6 8. 0-0 Nc6 9. a3 0-0-0 10. b4 g5 11. g3 h5 12. Rc1 h4 13. c4 hxg3 14. hxg3 g4 15. Qg2 dxc4 16. Bxc4 Bxc4 17. Rxc4 Rh3 18. b5 Na5 19. Ra4 Qxb5 20. Nbc3 Qc6 21. Rxa5 Qf3 22. Kf1 1-0

[Event "POL-chT U20 2nd League"]
[Site "Szczyrk"]
[Date "2017.07.23"]
[Round "2.7"]
[White "Laszczak, Przemyslaw"]
[Black "Kokoszczynski, Jan"]
[Result "1/2-1/2"]
[WhiteElo "1864"]
[BlackElo "2130"]
[PlyCount "130"]
[EventDate "2017.07.22"]
[EventType "team-swiss"]
[EventRounds "11"]
[EventCountry "POL"]
[SourceTitle "EXT 2019"]
[Source "ChessBase"]
[SourceDate "2018.10.10"]
[SourceVersion "1"]
[SourceVersionDate "2018.10.10"]
[SourceQuality "1"]

1. d4 d5 2. Nf3 Nf6 3. e3 c6 4. Bd3 Bg4 5. Nbd2 Nbd7 6. b3 e6 7. Bb2 Bd6 8. 0-0 0-0 9. Qe1 Qc7 10. c4 e5 11. c5 e4 12. cxd6 Qxd6 13. Be2 exf3 14. Nxf3 Bxf3 15. Bxf3 Ne4 16. Be2 Qe7 17. f3 Nd6 18. Bd3 f5 19. Qd2 Rae8 20. Rae1 Qg5 21. Qf2 Ne4 22. Qc2 Nd6 23. Ba3 Re6 24. Qb2 a6 25. Bxd6 Rxd6 26. e4 fxe4 27. fxe4 Rxf1+ 28. Bxf1 dxe4 29. Bc4+ Kh8 30. Rxe4 Nf6 31. Qf2 Rd8 32. Re1 h6 33. h3 b5 34. Bf7 Nd5 35. Bxd5 Qxd5 36. Kh1 a5 37. Qf4 a4 38. Re5 Qd7 39. Qe4 axb3 40. axb3 Ra8 41. Kh2 Qd6 42. Kg1 Ra1+ 43. Kf2 Ra8 44. Ke2 Rd8 45. Ke3 Qa3 46. Re8+ Rxe8 47. Qxe8+ Kh7 48. Qe4+ Kh8 49. Qxc6 Qxb3+ 50. Kf4 b4 51. d5 Qd3 52. Qe8+ Kh7 53. Qe4+ Qxe4+ 54. Kxe4 Kg6 55. Kd4 Kf6 56. Kc4 Ke5 57. Kxb4 Kxd5 58. Kc3 Ke4 59. Kd2 Kf4 60. Ke2 Kg3 61. Kf1 Kh2 62. Kf2 g5 63. h4 gxh4 64. Kf3 h3 65. gxh3 Kxh3 1/2-1/2

[Event "Vsetin op"]
[Site "Vsetin"]
[Date "2017.07.08"]
[Round "9"]
[White "Laszczak, Przemyslaw"]
[Black "Husek, Martin"]
[Result "0-1"]
[WhiteElo "1864"]
[BlackElo "2137"]
[PlyCount "100"]
[EventDate "2017.07.01"]
[EventType "swiss"]
[EventRounds "9"]
[EventCountry "CZE"]
[SourceTitle "CBM 179 Extra"]
[Source "ChessBase"]
[SourceDate "2017.08.23"]
[SourceVersion "1"]
[SourceVersionDate "2017.08.23"]
[SourceQuality "1"]

1. d4 Nf6 2. c4 e6 3. Nc3 Bb4 4. e3 0-0 5. Bd3 d5 6. Nge2 c6 7. 0-0 Bd6 8. b3 Nbd7 9. Bb2 Ng4 10. g3 f5 11. Qd2 Qg5 12. Kg2 Ndf6 13. Nd1 Ne4 14. Qc1 Qh5 15. h3 Ng5 16. Ng1 Nf6 17. f3 Qg6 18. Ne2 Qh5 19. Ng1 Ne8 20. Nc3 Rf6 21. Be2 Qg6 22. Qe1 f4 23. exf4 Bxf4 24. Rd1 Bd6 25. Bd3 Qh5 26. h4 Nf7 27. g4 Qh6 28. cxd5 Qf4 29. Rf2 cxd5 30. Nxd5 Qg3+ 31. Kf1 exd5 32. Qxe8+ Bf8 33. Ba3 Nd6 34. Bxd6 Qxd6 35. Qe5 Qd8 36. Re2 Bxg4 37. Rb2 Be6 38. Re1 Bd6 39. Qg5 Bf4 40. Qg2 Qd7 41. Rbe2 Raf8 42. Kf2 Bd6 43. Qg5 Be7 44. Qh5 Rh6 45. Qe5 Bxh4+ 46. Kg2 Bxe1 47. Rxe1 Bf5 48. Bxf5 Qxf5 49. Qxf5 Rxf5 50. Re7 Rg5+ 0-1

[Event "Vsetin op"]
[Site "Vsetin"]
[Date "2017.07.07"]
[Round "8"]
[White "Krejca, Jakub"]
[Black "Laszczak, Przemyslaw"]
[Result "0-1"]
[WhiteElo "2115"]
[BlackElo "1864"]
[PlyCount "90"]
[EventDate "2017.07.01"]
[EventType "swiss"]
[EventRounds "9"]
[EventCountry "CZE"]
[SourceTitle "CBM 179 Extra"]
[Source "ChessBase"]
[SourceDate "2017.08.23"]
[SourceVersion "1"]
[SourceVersionDate "2017.08.23"]
[SourceQuality "1"]

1. e4 c6 2. d4 d5 3. exd5 cxd5 4. c4 Nf6 5. Nc3 e6 6. Nf3 Bb4 7. Be2 dxc4 8. Bxc4 0-0 9. 0-0 b6 10. a3 Bxc3 11. bxc3 Qc7 12. Qb3 Bb7 13. Ne5 Nc6 14. Re1 Na5 15. Qa2 Rac8 16. Bxe6 fxe6 17. Qxe6+ Kh8 18. Bf4 Qxc3 19. Nf7+ Rxf7 20. Qxf7 Qxd4 21. Rac1 Rxc1 22. Bxc1 Qd5 23. Qxd5 Bxd5 24. Re7 Nc6 25. Rc7 Kg8 26. Bb2 Ne8 27. Rb7 Be6 28. Be5 Bc8 29. Rb8 Nxb8 30. Bxb8 a6 31. f4 Kf7 32. Kf2 Ke6 33. Ke3 Kd5 34. h3 h5 35. a4 Bd7 36. a5 b5 37. f5 Bxf5 38. Kf4 g6 39. g4 hxg4 40. h4 Nf6 41. Kg5 Ne4+ 42. Kf4 Be6 43. Ba7 b4 44. h5 gxh5 45. Bd4 g3 0-1

[Event "Vsetin op"]
[Site "Vsetin"]
[Date "2017.07.06"]
[Round "7"]
[White "Ambrozova, Lucie"]
[Black "Laszczak, Przemyslaw"]
[Result "0-1"]
[WhiteElo "1875"]
[BlackElo "1864"]
[PlyCount "86"]
[EventDate "2017.07.01"]
[EventType "swiss"]
[EventRounds "9"]
[EventCountry "CZE"]
[SourceTitle "CBM 179 Extra"]
[Source "ChessBase"]
[SourceDate "2017.08.23"]
[SourceVersion "1"]
[SourceVersionDate "2017.08.23"]
[SourceQuality "1"]

1. e4 c5 2. Nf3 d6 3. d4 cxd4 4. Nxd4 Nf6 5. Nc3 g6 6. Be3 Bg7 7. f3 0-0 8. Qd2 Nc6 9. Bc4 Bd7 10. 0-0-0 Rc8 11. Bb3 Ne5 12. Kb1 Rc5 13. Ne6 fxe6 14. Bxc5 dxc5 15. Bxe6+ Bxe6 16. Qxd8 Rxd8 17. Rxd8+ Kf7 18. Rb8 b6 19. Rb7 Nc6 20. Rc7 Ne8 21. Rxc6 Bd7 22. Rxg6 hxg6 23. Nd5 e6 24. Ne3 Nf6 25. Nc4 Nh5 26. g3 g5 27. c3 Ke7 28. Kc2 Bb5 29. Nd2 Nf6 30. Ra1 Bc6 31. a3 g4 32. e5 Nd5 33. f4 Ne3+ 34. Kd3 Nf5 35. b4 Kd7 36. bxc5 bxc5 37. Ne4 c4+ 38. Kxc4 Bxe4 39. Kb5 Bf8 40. a4 Bd3+ 41. Ka5 Kc7 42. Rd1 Bc4 43. Re1 Bc5 0-1

[Event "Vsetin op"]
[Site "Vsetin"]
[Date "2017.07.02"]
[Round "2"]
[White "Gratze, Michael"]
[Black "Laszczak, Przemyslaw"]
[Result "0-1"]
[WhiteElo "2057"]
[BlackElo "1864"]
[PlyCount "74"]
[EventDate "2017.07.01"]
[EventType "swiss"]
[EventRounds "9"]
[EventCountry "CZE"]
[SourceTitle "CBM 179 Extra"]
[Source "ChessBase"]
[SourceDate "2017.08.23"]
[SourceVersion "1"]
[SourceVersionDate "2017.08.23"]
[SourceQuality "1"]

1. e4 c6 2. d4 d5 3. e5 Bf5 4. h4 h5 5. Bd3 Bxd3 6. Qxd3 e6 7. Bg5 Be7 8. Nf3 Qb6 9. Nbd2 Nd7 10. c4 dxc4 11. Nxc4 Bb4+ 12. Ke2 Qa6 13. Nd6+ Bxd6 14. Qxa6 bxa6 15. exd6 f6 16. Bf4 Nb6 17. Rac1 Kd7 18. Rc5 Nd5 19. Bg3 Rb8 20. b3 Nh6 21. Rhc1 Rb6 22. Nd2 Nf5 23. Nc4 Rb5 24. Na5 Nxd4+ 25. Kd3 e5 26. f4 Rxc5 27. Rxc5 Ne6 28. Rc4 Nexf4+ 29. Ke4 Rc8 30. Bxf4 Nxf4 31. Nb7 Nxg2 32. Ra4 Rb8 33. Rb4 Kc8 34. Kf5 Rxb7 35. Rxb7 Kxb7 36. Ke6 Nf4+ 37. Ke7 Nd5+ 0-1

[Event "Mazowiec-chT 1617"]
[Site "Warsaw"]
[Date "2017.01.08"]
[Round "4.7"]
[White "Laszczak, Przemyslaw"]
[Black "Czapla, Andrzej"]
[Result "0-1"]
[WhiteElo "1960"]
[BlackElo "1941"]
[PlyCount "70"]
[EventDate "2016.12.11"]
[EventType "team-tourn"]
[EventRounds "10"]
[EventCountry "POL"]
[SourceTitle "EXT 2019"]
[Source "ChessBase"]
[SourceDate "2018.10.10"]
[SourceVersion "1"]
[SourceVersionDate "2018.10.10"]
[SourceQuality "1"]

1. d4 Nf6 2. Bg5 Ne4 3. Bf4 d5 4. e3 e6 5. Bd3 Nf6 6. Nf3 Bd6 7. Bxd6 Qxd6 8. c3 Nbd7 9. 0-0 0-0 10. Nbd2 e5 11. dxe5 Nxe5 12. Nxe5 Qxe5 13. Nf3 Qe7 14. Qc2 c5 15. h3 b6 16. a4 a5 17. Rfb1 Ba6 18. Bxa6 Rxa6 19. b4 axb4 20. cxb4 Rfa8 21. bxc5 bxc5 22. Rb5 Ne4 23. Qd3 Rd6 24. a5 g6 25. a6 Qf6 26. Ra3 Rdxa6 27. Rxa6 Qxa6 28. Rb8+ Kg7 29. Qxd5 Qa1+ 30. Kh2 Rxb8 31. Qxe4 Qf6 32. Qd5 Rc8 33. Ne5 Qe6 34. Qe4 Re8 35. f4 f6 0-1

[Event "Bialystok Zamenhof Memorial 35th"]
[Site "Bialystok"]
[Date "2016.12.28"]
[Round "3"]
[White "Laszczak, Przemyslaw"]
[Black "Kostyra, Stanislaw"]
[Result "0-1"]
[WhiteElo "1960"]
[BlackElo "2230"]
[PlyCount "96"]
[EventDate "2016.12.27"]
[EventType "swiss (rapid)"]
[EventRounds "9"]
[EventCountry "POL"]
[SourceTitle "CBM 176 Extra"]
[Source "ChessBase"]
[SourceDate "2017.03.02"]
[SourceVersion "1"]
[SourceVersionDate "2017.03.02"]
[SourceQuality "1"]

1. d4 Nf6 2. c4 e6 3. Nc3 Bb4 4. e3 b6 5. Nge2 Ne4 6. Bd2 Nxd2 7. Qxd2 Bb7 8. a3 Bxc3 9. Nxc3 f5 10. d5 e5 11. Bd3 0-0 12. f3 d6 13. 0-0 Nd7 14. b4 a6 15. e4 f4 16. Ne2 Qh4 17. Nc1 a5 18. Nb3 a4 19. Nc1 g5 20. Qf2 Qxf2+ 21. Kxf2 Kf7 22. Be2 Rg8 23. Nd3 h5 24. h3 Nf6 25. c5 g4 26. cxd6 cxd6 27. Rac1 Rgc8 28. Nb2 Ke7 29. Bb5 Ba6 30. Bxa6 Rxc1 31. Rxc1 Rxa6 32. Rc7+ Nd7 33. Rb7 b5 34. Rxb5 Ra8 35. Nc4 Rc8 36. Na5 Rc2+ 37. Kf1 g3 38. Nc6+ Ke8 39. Ra5 Nb6 40. b5 Nc4 41. Ra8+ Kf7 42. Ra7+ Kf6 43. Ke1 Ne3 44. Ra8 Nxg2+ 45. Kd1 Ne3+ 46. Ke1 g2 47. Rg8 Ng4 48. Kd1 Rf2 0-1

[Event "Mazowiec-chT 1617"]
[Site "Warsaw"]
[Date "2016.12.11"]
[Round "1.7"]
[White "Laszczak, Przemyslaw"]
[Black "Sanz Losada, Victoriano"]
[Result "0-1"]
[WhiteElo "1960"]
[BlackElo "2034"]
[PlyCount "76"]
[EventDate "2016.12.11"]
[EventType "team-tourn"]
[EventRounds "10"]
[EventCountry "POL"]
[SourceTitle "EXT 2019"]
[Source "ChessBase"]
[SourceDate "2018.10.10"]
[SourceVersion "1"]
[SourceVersionDate "2018.10.10"]
[SourceQuality "1"]

1. d4 Nf6 2. Nf3 e6 3. Bg5 h6 4. Bh4 b6 5. e3 Bb7 6. Bd3 Nc6 7. Nbd2 g5 8. Bg3 Nh5 9. c4 Bg7 10. Rc1 Nxg3 11. hxg3 Qe7 12. a3 0-0-0 13. b4 f5 14. Qa4 Kb8 15. Nb3 e5 16. d5 e4 17. dxc6 Bxc6 18. b5 Bb7 19. Be2 exf3 20. Bxf3 Bxf3 21. gxf3 f4 22. gxf4 gxf4 23. e4 d5 24. cxd5 Rxd5 25. Qc4 Rhd8 26. Ke2 Rd3 27. Rhd1 Rxd1 28. Rxd1 Rxd1 29. Kxd1 Qxa3 30. e5 Bxe5 31. Qg8+ Kb7 32. Qd5+ Kc8 33. Qxe5 Qxb3+ 34. Ke1 Qxf3 35. Qh8+ Kb7 36. Qxh6 Qe4+ 37. Kf1 f3 38. Qc1 Qg6 0-1

[Event "POL-chT U19 2nd League"]
[Site "Iwonicz"]
[Date "2016.07.31"]
[Round "3.26"]
[White "Karykowska, Anna"]
[Black "Laszczak, Przemyslaw"]
[Result "0-1"]
[WhiteElo "1818"]
[BlackElo "1819"]
[PlyCount "80"]
[EventDate "2016.07.23"]
[EventType "team-swiss"]
[EventRounds "11"]
[EventCountry "POL"]
[SourceTitle "EXT 2019"]
[Source "ChessBase"]
[SourceDate "2018.10.10"]
[SourceVersion "1"]
[SourceVersionDate "2018.10.10"]
[SourceQuality "1"]
[WhiteTeam "Legnica Miedz U19"]
[BlackTeam "Minsk Mazowiecki MTSz U19"]
[WhiteTeamCountry "POL"]
[BlackTeamCountry "POL"]

1. e4 c6 2. d4 d5 3. exd5 cxd5 4. Bd3 Nc6 5. c3 Qc7 6. Nf3 Bg4 7. h3 Bh5 8. g4 Bg6 9. Bxg6 hxg6 10. Qb3 e6 11. Bg5 Nf6 12. Bxf6 gxf6 13. Nbd2 Bh6 14. 0-0-0 0-0-0 15. Kb1 Kb8 16. Ne1 e5 17. dxe5 fxe5 18. Ndf3 Na5 19. Qb5 a6 20. Qe2 Bg7 21. Nc2 Nc6 22. h4 Qd7 23. c4 d4 24. Nfe1 Qe7 25. Ng2 e4 26. Qd2 Ne5 27. Qf4 d3 28. Nce3 Qf6 29. Qxf6 Bxf6 30. g5 Bg7 31. Nf4 Nf3 32. h5 Be5 33. Nfd5 Rxh5 34. Rxh5 gxh5 35. Rh1 h4 36. Kc1 Rg8 37. Ng4 Rxg5 38. Nxe5 Nxe5 39. Rxh4 Rg1+ 40. Kd2 Nf3+ 0-1

[Event "POL-chT U19 2nd League"]
[Site "Iwonicz"]
[Date "2016.07.31"]
[Round "10.86"]
[White "Laszczak, Przemyslaw"]
[Black "Kozlowski, Bartlomiej"]
[Result "1-0"]
[WhiteElo "1819"]
[BlackElo "1474"]
[PlyCount "85"]
[EventDate "2016.07.23"]
[EventType "team-swiss"]
[EventRounds "11"]
[EventCountry "POL"]
[SourceTitle "EXT 2019"]
[Source "ChessBase"]
[SourceDate "2018.10.10"]
[SourceVersion "1"]
[SourceVersionDate "2018.10.10"]
[SourceQuality "1"]
[WhiteTeam "Minsk Mazowiecki MTSz U19"]
[BlackTeam "Puszcza Marianska UKS Hetman U19"]
[WhiteTeamCountry "POL"]
[BlackTeamCountry "POL"]

1. Nf3 Nc6 2. d4 d5 3. c4 e6 4. Nc3 Nf6 5. Bg5 Be7 6. e3 0-0 7. Bd3 h6 8. Bh4 Bd7 9. Bxf6 Bxf6 10. cxd5 exd5 11. Nxd5 Bg4 12. Nxf6+ Qxf6 13. Be2 Rad8 14. h3 Bh5 15. 0-0 a6 16. Rc1 Rfe8 17. Qb3 Na5 18. Qb4 Qb6 19. Qxb6 cxb6 20. g4 Bg6 21. Ne5 Be4 22. b4 Nc6 23. Nxc6 bxc6 24. a4 b5 25. a5 Bd5 26. Rc3 Rc8 27. f3 Bc4 28. Bxc4 bxc4 29. e4 Red8 30. Rxc4 Rd6 31. d5 Kf8 32. Rfc1 Ke7 33. dxc6 Ke6 34. Rc5 g6 35. c7 Rd4 36. b5 axb5 37. Rxb5 Ra4 38. Rb6+ Kd7 39. a6 Rxc7 40. Rxc7+ Kxc7 41. Rb7+ Kd6 42. Rxf7 Rxa6 43. Rf6+ 1-0